Normal view
MARC view
- JAVA-COMPUTER PROGRAM LANGUAGE OBJECT ORIENTED PROGRAMMING-COMPUTER SCEINCE
Entry Topical Term
001 - CONTROL NUMBER
- control field: 57917
003 - CONTROL NUMBER IDENTIFIER
- control field: NUST
005 - DATE AND TIME OF LATEST TRANSACTION
- control field: 20210628202022.0
008 - FIXED-LENGTH DATA ELEMENTS
- fixed length control field: 210628|| aca||aabn | a|a d
040 ## - CATALOGING SOURCE
- Original cataloging agency: NUST
- Transcribing agency: NUST
150 ## - HEADING--TOPICAL TERM
- Topical term or geographic name entry element: JAVA-COMPUTER PROGRAM LANGUAGE OBJECT ORIENTED PROGRAMMING-COMPUTER SCEINCE
670 ## - SOURCE DATA FOUND
- Source citation: Work cat.: (NUST): Joyce, Daniel T Holmes, Barry J 57916, Object oriented programming with java, 2001
